Responses for show #2705 - Friday, May 10, 1996

1996 Teen Tournament quarterfinal game 5.

Contestants

Jodi Sangster, a junior from Bartlesville, Oklahoma

Penelope Pajel, a senior from Hazard, Kentucky

Ben Healy, a junior from Hinsdale, Illinois

Jeopardy! Round responses

HISTORIC HOMES
FOOD PHRASES
MYTHOLOGY
ODDS & ENDS
GENERAL SCIENCE
CHARACTERS IN DISNEY FILMS
    $100 7
Thomas Jefferson

Ben
    $100 12
a cookie

Penelope
    $100 1
Pegasus

Jodi
    $100 6
Notre Dame

Ben
    $100 20
gas

Penelope
    $100 26
Snow White (and the Seven Dwarfs)

Jodi
    $200 8
(Penelope: Who is Molly Pitcher?)

Clara Barton

BenPenelope
    $200 14
fish

Jodi
    $200 2
Orion

Ben
    $200 18
"Hail To The Chief"

Jodi
    $200 21
botany

Penelope
    $200 27
Bambi

Jodi
    $300 9
Boston

Ben
    $300 15
a cucumber

Ben
    $300 3
his shoes and his hat

Penelope
    $300 19
the Vietnam Memorial

Penelope
    $300 13
erosion

Ben
    $300 28
Fantasia

Ben
    $400 10
Henry Ford

Ben
    $400 16
bread

Jodi
    $400 4
Prometheus

Ben
    $400 23
E pluribus unum

Ben
    $400 22
baking soda

Jodi
    $400 29
(Penelope: What is Alice's Adventures in Wonderland?)
(Alex: Yup. No, we won't accept that.)
...
(Alex: The Disney film.)

Alice in Wonderland

PenelopeJodi
    $800 11
(Alex: That's across the street from Ford's Theatre.)

Abraham Lincoln

Ben
    $500 17
apple pie

Jodi
    $500 5
Mother Earth

Jodi
    $500 24
the knight

Jodi
    $500 25
iron

Ben
    $500 30
Mary Poppins

Jodi

Scores at the first commercial break (after clue 15):

Ben Penelope Jodi
$3,100 $200 $800

Scores at the end of the Jeopardy! Round:

Ben Penelope Jodi
$4,300 $400 $4,000

Double Jeopardy! Round responses

ART & ARTISTS
AMERICAN HISTORY
GUINNESS RECORDS
WORLD GEOGRAPHY
LITERATURE
MATH
    $200 10
Washington

Jodi
    $200 9
the Louisiana Purchase

Penelope
    $200 6
Paul McCartney

Ben
    $200 18
Turkey

Jodi
    $200 1
Amy

Jodi
    $200 26
a fraction

Penelope
    $400 11
(Penelope: What is a still life?)

a collage

BenPenelope
    $400 14
the War of 1812

Ben
    $400 7
a tiger

Ben
    $400 19
the Cape of Good Hope

Ben
    $1,200 2
(Jodi: Who is Willa Cather?)

Toni Morrison

Jodi
    $400 27
(Penelope: What is x?)

36

PenelopeJodi
    $600 23
Gainsborough

Penelope
    $600 15
FDR

Jodi
    $600 8
Jerry Lewis

Jodi
    $600 20
Romania

Jodi
    $600 3
Queen Elizabeth I

Penelope
    $600 28
a proof

Ben
    $800 24
Salvador Dali

Ben
    $800 16
Reconstruction

Ben
    $800 12
(Jodi: What is 60 Minutes)
...
(Alex: It started in 1947.)

Meet the Press

BenJodi
    $800 21
Colombia

Triple Stumper
    $800 4
Faulkner

Penelope
    $1,500 29
-5

Ben
    $1000 25
M.C. Escher

Jodi
    $1000 17
Cotton Mather

Jodi
    $1000 13
(Ben: What is a life saver?)

a rope

Ben
Triple Stumper
    $1000 22
[NOTE: That was the spelling used for Kazakhstan.]

the Ural Mountains

Ben
    $1000 5
Jane Austen

Ben
    $1000 30
a base

Ben

Scores at the end of the Double Jeopardy! Round:

Ben Penelope Jodi
$12,600 $2,000 $6,800

Final Jeopardy! Round responses

WORD ORIGINS
PenelopeWhat is a hegira trek?
$2,000
JodiWhat is peregrination hajj pilgrimage
$3,742
BenWhat is a sojourn?
$1,001
safari

Final scores:

Ben Penelope Jodi
$11,599 $0 $3,058
Automatic semifinalist 3rd place: $1,000 if eliminated 2nd place: $1,000 if eliminated

Game dynamics:

Coryat scores:

Ben Penelope Jodi
$11,600 $2,000 $8,000
26 R
(including 2 DDs),
1 W
10 R,
4 W
21 R,
2 W
(including 1 DD)

Combined Coryat: $21,600

The J! Archive is created by fans, for fans. The Jeopardy! game show and all elements thereof, including but not limited to copyright and trademark thereto, are the property of Jeopardy Productions, Inc. and are protected under law. This website is not affiliated with, sponsored by, or operated by Jeopardy Productions, Inc. Join the discussion at JBoard.tv.